Ortografía de la lengua española / (Record no. 178811)
[ view plain ]
| 000 -LEADER | |
|---|---|
| campo de control de longitud fija | 01182nam a2200253 4500 |
| 001 - NÚMERO DE CONTROL | |
| campo de control | 178811 |
| 003 - IDENTIFICADOR DE NÚMERO DE CONTROL | |
| campo de control | ES-MaACL |
| 005 - FECHA Y HORA DE LA ÚLTIMA TRANSACCIÓN | |
| campo de control | 20250528200326.0 |
| 008 - DATOS DE LONGITUD FIJA--INFORMACIÓN GENERAL | |
| campo de control de longitud fija | 110707s2010 sp dp |||| | spa d |
| 020 ## - NÚMERO INTERNACIONAL ESTÁNDAR DEL LIBRO | |
| Número Internacional Estándar del Libro | 978-84-670-3426-4 |
| 080 ## - NÚMERO DE LA CLASIFICACIÓN DECIMAL UNIVERSAL | |
| Número de la Clasificación Decimal Universal | 811.134.2'35 |
| 245 00 - MENCIÓN DEL TÍTULO | |
| Título | Ortografía de la lengua española / |
| Mención de responsabilidad, etc. | Real Academia Española, Asociación de Academias de la Lengua Española. |
| 260 ## - PUBLICACIÓN, DISTRIBUCIÓN, ETC. | |
| Lugar de publicación, distribución, etc. | Madrid : |
| Nombre del editor, distribuidor, etc. | Espasa Libros, |
| Fecha de publicación, distribución, etc. | [2010] |
| 300 ## - DESCRIPCIÓN FÍSICA | |
| Extensión | LI, 745 p. : |
| Otras características físicas | gráf., tablas ; |
| Dimensiones | 24 cm. |
| 500 ## - NOTA GENERAL | |
| Nota general | Índices. |
| 505 8# - NOTA DE CONTENIDO CON FORMATO | |
| Nota de contenido con formato | Contiene: ; |
| Título | El sistema ortográfico del español ; |
| -- | Ortografía de expresiones que plantean dificultades específicas - Apéndices: ; |
| -- | Lista de abreviaturas ; |
| -- | Lista de símbolos ; |
| -- | Lista de países y capitales, con sus gentilicios |
| 650 07 - PUNTO DE ACCESO ADICIONAL DE MATERIA--TÉRMINO DE MATERIA | |
| Término de materia o nombre geográfico como elemento de entrada | Lengua española- |
| Subdivisión general | Ortografía. |
| 9 (RLIN) | 14177 |
| 710 2# - ENTRADA AGREGADA--NOMBRE DE ENTIDAD CORPORATIVA | |
| Nombre de entidad corporativa o nombre de jurisdicción como elemento de entrada | Real Academia Española |
| 9 (RLIN) | 6336 |
| 710 2# - ENTRADA AGREGADA--NOMBRE DE ENTIDAD CORPORATIVA | |
| Nombre de entidad corporativa o nombre de jurisdicción como elemento de entrada | Asociación de Academias de la Lengua Española. |
| 9 (RLIN) | 1548 |
| 852 ## - LOCALIZACIÓN | |
| Ubicación | ES-MaACL |
| itemnumber | 185674 |
| Sublocalización o colección | R.146966 |
| Número de control de estantería | A-11322 |
| Ubicación en estantería | Depósito 1 |
| Signatura antigua | Olim: N-4326 |
| Encuadernación | Donación: Editorial |
| 852 ## - LOCALIZACIÓN | |
| Ubicación | ES-MaACL |
| Número de control de estantería | A-15543 |
| itemnumber | 185674 |
| Ubicación en estantería | Depósito 1 |
| Signatura antigua | Olim: L 811.134.2'35 art |
| -- | Olim: 134.2'35 ort |
| 942 ## - ELEMENTOS DE ENTRADA SECUNDARIOS (KOHA) | |
| Fuente del sistema de clasificación o colocación | Clasificación decimal universal |
| Tipo de ítem Koha | Libro impreso |
| Estatus retirado | Estado de pérdida | Fuente del sistema de clasificación o colocación | Estado de daño | No para préstamo | Biblioteca de origen | Biblioteca actual | Ubicación en estantería | Fecha de adquisición | Fuente de adquisición | Total de préstamos | Signatura topográfica completa | Código de barras | Visto por última vez | Precio de reemplazo | Tipo de ítem Koha |
|---|---|---|---|---|---|---|---|---|---|---|---|---|---|---|---|
| Clasificación decimal universal | Biblioteca del Ateneo de Madrid | Biblioteca del Ateneo de Madrid | Depósito 1 | 07/07/2011 | Donación | A-11322 | 1187828 | 23/02/2023 | 23/02/2023 | Libro impreso | |||||
| Clasificación decimal universal | Biblioteca del Ateneo de Madrid | Biblioteca del Ateneo de Madrid | Depósito 1 | 22/09/2022 | A-15543 | 1203733 | 23/02/2023 | 23/02/2023 | Libro impreso |
